Finlands största städer - Statistics

General Stats
  • This quiz has been taken 32 times
  • The average score is 10 of 15
Answer Stats
Befolkning Stad % Correct
286 957 Åbo
100%
1 360 011 Helsingfors
100%
359 306 Tammerfors
100%
69 034 Vasa
90%
212 738 Uleåborg
80%
132 962 Jyväskylä
67%
54 932 Rovaniemi
67%
82 956 Björneborg
63%
95 122 Kuopio
60%
119 933 Lahtis
53%
73 567 Joensuu
47%
56 452 Villmanstrand
40%
52 998 Seinäjoki
37%
48 992 Kotka
33%
58 514 Tavastehus
33%
No matching quizzes found
Score Distribution
Percent of People with Each Score
Percentile by Number Answered
Your Score History
You have not taken this quiz